00449 2200181 4500001002100000005001500021035002000036008004100056245005100097100001900148250000600167260003500173300001100208084001400219082000800233650001400241990001200255INLIS00000000000014320240502105931 a0010-0424000119240502 0 ind 1 aPola Gerak Dalam Senam 3 /cDrs. Hendra Agusta aAgusta, Hendra a1 aJakarta :bCV.Ipa Abong,c2009 a76 hlm a700 HEN p a700 4aNon Fiksi a0732512